[Event "Ashkhabad"]
[Site "Ashkhabad"]
[Date "1996.??.??"]
[Round "3"]
[White "Komliakov, Viktor"]
[Black "Irzhanov, Ruslan"]
[Result "1/2-1/2"]
[WhiteElo "2500"]
[BlackElo "2500"]

1.e4 g6 2.d4 Bg7 3.Nc3 d6 4.Nf3 Nf6 5.h3 O-O 6.Be3 Nbd7 7.a4 c6 8.a5 Qc7
9.Be2 e5 10.dxe5 Nxe5 11.Nxe5 dxe5 12.Bc4 Nh5 13.O-O Nf4 14.Na4 Rd8 15.Qf3 Be6
16.Bxe6 Nxe6 17.Nc5 Nd4 18.Bxd4 exd4 19.Qb3 b6 20.Nd3 c5 21.Qc4 Qc6 22.b4 Rac8
23.axb6 axb6 24.bxc5 bxc5 25.Rfe1 Ra8 26.e5 Rxa1 27.Rxa1 Qc7 28.f4 Bf8 29.Ra6 Qb7
30.Kh2 Re8 31.Qa2 Qc8 32.Qc4 Qd7 33.Qa4 Qxa4 34.Rxa4 Rc8 35.Rc4 f6 36.Kg3 Kf7
37.Kf3 Ke6 38.exf6 Kxf6 39.Ke4 Ke6 40.g4 Bd6 41.Ra4 c4 42.Ne1 Rf8 43.Ng2 d3
44.cxd3 cxd3 45.Kxd3 Rb8 46.Ne3 Rb3+ 47.Ke4 Bc5 48.Ra6+ Kf7 49.Nc4 Rxh3 50.Rc6 Be7
51.Ne5+ Kf8 52.Kd5 Kg8 53.Rc8+ Bf8 54.Ke4 Kg7 55.Rc7+ Kg8 56.Nd7 Be7 57.Rc8+ Kg7
58.Kd5 Re3 59.Ne5 Bf8 60.Ke6 Re1 61.Rc7+ Kg8 62.f5 gxf5 63.gxf5 Rd1 64.f6 Rd6+
65.Kf5 Rd1 66.Rc2 Rf1+ 67.Ke6 Rg1 68.Rd2 h6 69.Rd3 Bg7 70.Rd8+ Kh7 71.Nd7 h5
72.Kf7 Rf1 73.Re8 Rf3 74.Ke6 Rf1 75.Re7 Rg1 76.Kf5 h4 77.fxg7 Rxg7 78.Nf6+ Kh6
79.Ng4+ Kh7 80.Nf6+  1/2-1/2

[Event "Ashkhabad"]
[Site "Ashkhabad"]
[Date "1996.??.??"]
[Round "7"]
[White "Saltaev, Mihail"]
[Black "Kakageldyev, Amanmurad"]
[Result "0-1"]
[WhiteElo "2530"]
[BlackElo "2475"]

1.e4 g6 2.d4 Bg7 3.Nc3 d6 4.f4 Nf6 5.Nf3 O-O 6.Be3 Na6 7.Qe2 c5 8.O-O-O cxd4
9.Bxd4 Qa5 10.Kb1 Be6 11.Qb5 Qc7 12.e5 dxe5 13.Bxe5 Qc8 14.Be2 Nc5 15.Rhe1 a6
16.Qb4 b5 17.Ng5 Bf5 18.Bd4 Na4 19.Bf3 Nxc3+ 20.Bxc3 Ra7 21.h3 a5 22.Qxb5 h6
23.g4 Bxc2+ 24.Kxc2 hxg5 25.fxg5 Ne8 26.Rd3 Nd6 27.Qd5 Rc7 28.Qxa5 Nc4 29.Qb4 Ne5
30.Rde3 Nxf3 31.Rxf3 Qa8 32.Rfe3 Bxc3 33.Rxc3 Rxc3+ 34.bxc3 Qxa2+ 35.Kd3 Rd8+
36.Ke3 Qd2+  0-1

[Event "Ashkhabad"]
[Site "Ashkhabad"]
[Date "1996.??.??"]
[Round "8"]
[White "Korneev, Oleg"]
[Black "Ahundov, Ruslan"]
[Result "1-0"]
[WhiteElo "2590"]
[BlackElo "2405"]

1.e4 g6 2.d4 Bg7 3.Nc3 d6 4.f4 e6 5.Nf3 Ne7 6.Be3 b6 7.Qd2 c6 8.O-O-O Ba6
9.Bxa6 Nxa6 10.g4 Qd7 11.e5 Nc7 12.Ne4 Nc8 13.h4 Nd5 14.h5 Rg8 15.h6 Bh8
16.g5 Ke7 17.Kb1 Rd8 18.Qe2 Kf8 19.Bc1 Kg8 20.Nh2 Qb7 21.Ng4 Qb8 22.c4 Nde7
23.exd6 Nxd6 24.Ngf6+ Bxf6 25.Nxf6+ Kh8 26.Nd7  1-0

[Event "Ashkhabad"]
[Site "Ashkhabad"]
[Date "1996.??.??"]
[Round "10"]
[White "Odeev, Handszar"]
[Black "Ahundov, Ruslan"]
[Result "0-1"]
[WhiteElo "2425"]
[BlackElo "2405"]

1.e4 g6 2.d4 Bg7 3.Nc3 d6 4.Bg5 Nd7 5.Qd2 c5 6.Nf3 a6 7.Be2 b5 8.O-O Bb7
9.Rad1 cxd4 10.Nxd4 Ngf6 11.f3 O-O 12.Bh6 b4 13.Nb1 Bxh6 14.Qxh6 Qb6 15.Kh1 Rfc8
16.Qd2 d5 17.exd5 Bxd5 18.Nb3 a5 19.Nc1 Be6 20.Rfe1 Rab8 21.b3 Qc6 22.Bd3 Nc5
23.Re2 Nxd3 24.Nxd3 Nd5 25.Qh6 Rb7 26.Red2 Qb6 27.Nf2 Qe3 28.Qh4 Kg7 29.Ne4 Rbc7
30.Qg3 Qf4 31.Rxd5 Qxg3 32.hxg3 Bxd5 33.Rxd5 Rxc2 34.Nbd2 Rxa2 35.Nc5 Rc7
36.Nc4 e6 37.Re5 Kg8 38.Ne4 a4 39.Nf6+ Kf8 40.Rb5 axb3  0-1

[Event "Ashkhabad"]
[Site "Ashkhabad"]
[Date "1996.??.??"]
[Round "11"]
[White "Safin, Shukhrat"]
[Black "Kakageldyev, Amanmurad"]
[Result "1-0"]
[WhiteElo "2510"]
[BlackElo "2475"]

1.d4 g6 2.e4 Bg7 3.Nc3 d6 4.Be3 Nf6 5.f3 c6 6.Qd2 O-O 7.h4 h5 8.Bd3 Nbd7
9.g4 e5 10.g5 Nd5 11.Nxd5 cxd5 12.Ne2 exd4 13.Nxd4 Nc5 14.O-O-O dxe4 15.Bc4 exf3
16.Nxf3 Be6 17.Bd4 Bxd4 18.Qxd4 Qa5 19.Kb1 Rad8 20.Bd5 Rfe8 21.Rhf1 Qa4 22.Bxe6 Rxe6
23.Qc3 Ne4 24.Qc7 Qd7 25.Qc4 Ng3 26.Rf2 Nf5 27.Qb3 Re3 28.c3 Qe7 29.Nd4  1-0

[Event "Asti op"]
[Site "Asti"]
[Date "1996.??.??"]
[Round "?"]
[White "Mordiglia, Riccardo"]
[Black "Capurro, Giuliano"]
[Result "0-1"]
[WhiteElo "1975"]
[BlackElo "1995"]

1.d4 d6 2.e4 g6 3.Nc3 Bg7 4.f4 Nf6 5.e5 dxe5 6.dxe5 Qxd1+ 7.Kxd1 Ng4 8.Ke1 h5
9.Nd5 Kd8 10.Nf3 c6 11.Ne3 Kc7 12.Bd3 b6 13.a4 Na6 14.h3 Nxe3 15.Bxe3 Nb4
16.Be4 Bf5 17.Bxf5 gxf5 18.Rc1 Nd5 19.Kf2 Bh6 20.Nd4 e6 21.Ne2 Rhg8 22.Bd2 Rad8
23.Rcd1 c5 24.c4 Ne7 25.Be3 Nc6 26.Nc3 a6 27.Rxd8 Rxd8 28.Rd1 Rxd1 29.Nxd1 Na5
30.b3 Nxb3 31.Kg3 Na5 32.Nb2 Bg7 33.Kh4 Kd7 34.Kxh5 Ke7 35.Bf2 Kd7 36.Bh4 Nb3
37.Be1 Kc6 38.Kg5 b5 39.h4 b4 40.h5 Nd4 41.h6 Bf8 42.h7 Bg7 43.Bh4 Ne2 44.g3 Nc3
45.h8=Q Ne4+ 46.Kh5 Bxh8 47.Kh6 f6 48.Kh7 fxe5 49.Kxh8 exf4 50.gxf4 Kd6 51.Kh7 e5
52.Bg5 Nc3 53.Kg6 Ke6 54.fxe5 Kxe5 55.Kf7 f4 56.Ke7 Ne4 57.Bh4 Kd4 58.Be1 f3
59.Kd7 f2 60.Bxf2+ Nxf2 61.a5 Kc3 62.Na4+ Kxc4 63.Kc6 Nd3 64.Kb6 b3 65.Kxa6 Kb4  0-1

[Event "GRE-chT"]
[Site "Athens"]
[Date "1996.??.??"]
[Round "7"]
[White "Gavrilakis, Nikolaos"]
[Black "Trikaliotis, Georgios"]
[Result "1-0"]
[WhiteElo "2410"]
[BlackElo "2235"]

1.e4 d6 2.d4 g6 3.Nc3 Bg7 4.Nf3 Bg4 5.Be3 c6 6.h3 Bxf3 7.Qxf3 Nd7 8.Qd1 Qa5
9.Qd2 Ngf6 10.g4 Rc8 11.g5 Ng8 12.h4 h6 13.f4 e6 14.O-O-O Ne7 15.Kb1 d5 16.f5 hxg5
17.fxe6 fxe6 18.Bxg5 Bf6 19.Bxf6 Nxf6 20.Nxd5 Qxd2 21.Nxf6+ Kf7 22.Rxd2 Kxf6
23.Rf2+ Kg7 24.Bc4 Rcf8 25.Rxf8 Rxf8 26.Bxe6 Rf4 27.Re1 Rxh4 28.c4 g5 29.d5 Ng6
30.d6 Rh8 31.e5 Re8 32.c5 b6 33.b4 bxc5 34.bxc5 Kf8 35.d7 Rb8+ 36.Kc2 Ke7
37.Bf5 Nh4 38.Bg4 Rb5 39.e6 Rxc5+ 40.Kb3 Rd5 41.Rf1 Ng6 42.Rf7+ Kd8 43.e7+ Nxe7
44.Rf8+ Kc7 45.Rc8+  1-0

[Event "POL-chT"]
[Site "Augustow"]
[Date "1996.??.??"]
[Round "?"]
[White "Jaracz, Pawel"]
[Black "Sznapik, Aleksander"]
[Result "1-0"]
[WhiteElo "2405"]
[BlackElo "2425"]

1.e4 g6 2.d4 Bg7 3.Nc3 d6 4.f4 a6 5.Nf3 b5 6.Bd3 Bb7 7.Qe2 b4 8.Nd1 Nd7 9.e5 e6
10.a3 c5 11.Ne3 Bxf3 12.Qxf3 d5 13.axb4 cxd4 14.Nf1 Qb6 15.Bd2 Ne7 16.h4 f6
17.exf6 Bxf6 18.h5 e5 19.fxe5 Nxe5 20.Qh3 g5 21.Nh2 Nxd3+ 22.cxd3 g4 23.Nxg4 Qe6+
24.Kd1 Rg8 25.Nxf6+ Qxf6 26.Re1 Ra7 27.b5 Qb6 28.Rc1 axb5 29.Rc8+ Kf7 30.Rf1+ Kg7
31.Qg3+ Ng6 32.Rxg8+ Kxg8 33.hxg6 Ra1+ 34.Bc1 hxg6  1-0

[Event "AUT-chT2S 9697"]
[Site "Austria"]
[Date "1996.??.??"]
[Round "1"]
[White "Kronig, G."]
[Black "Singer, Richard"]
[Result "1/2-1/2"]
[WhiteElo "2165"]
[BlackElo "2045"]

1.e4 g6 2.d4 Bg7 3.Nc3 d6 4.Nf3 Nf6 5.Be2 O-O 6.O-O Nfd7 7.Bg5 h6 8.Bh4 g5
9.Bg3 Nc6 10.h3 e5 11.dxe5 Ndxe5 12.Nxe5 dxe5 13.Bc4 Qxd1 14.Rfxd1 Nd4 15.Nd5 Be6
16.c3 Bxd5 17.Bxd5 Ne2+ 18.Kh2  1/2-1/2

[Event "AUT-chT2S 9697"]
[Site "Austria"]
[Date "1996.??.??"]
[Round "1"]
[White "Emberger, Juergen"]
[Black "Wurm, Christoph"]
[Result "1-0"]
[WhiteElo "2040"]
[BlackElo "2070"]

1.d4 g6 2.e4 d6 3.Nc3 Bg7 4.Be3 c6 5.Qd2 b5 6.f3 a6 7.O-O-O Nd7 8.Nh3 Nb6
9.g4 h5 10.Nf2 Bd7 11.e5 b4 12.Nce4 dxe5 13.dxe5 Nd5 14.Bd4 Be6 15.Nc5 Nh6
16.Nxe6 fxe6 17.Qg5 Kf7 18.gxh5 gxh5 19.Qxh5+ Kf8 20.Qg6 Nf5 21.Qxe6 Nxd4
22.Rxd4 Bh6+ 23.Kb1 Be3 24.Qf5+ Ke8 25.e6 Qb6 26.Rxd5 cxd5 27.Nd3 Qd4 28.Be2 Rf8
29.Qh5+ Kd8 30.Ne5 Rc8 31.Nf7+ Kc7 32.Rd1 Qf6 33.Qxd5 Kb6 34.a4 Rc5 35.Qd3 Rfc8
36.Qxa6+ Kc7 37.Qa7+ Kc6 38.Bb5+ Rxb5 39.axb5+ Kxb5 40.Qxe3 Rc6 41.Qd3+ Kb6
42.Qd4+ Kb7 43.Qxf6  1-0

[Event "AUT-chT9697"]
[Site "Austria"]
[Date "1996.??.??"]
[Round "1"]
[White "Watzka, Horst"]
[Black "Hager, Franz"]
[Result "1/2-1/2"]
[WhiteElo "2345"]
[BlackElo "2240"]

1.e4 d6 2.d4 g6 3.Nc3 Bg7 4.Bc4 Nc6 5.Nge2 e5 6.Be3 Nf6 7.f3 a6 8.a4 O-O
9.O-O h6 10.Qd2 Kh7 11.Kh1 Qe8 12.Bb3 a5 13.Rae1 b6 14.Bc4 Bb7 15.Bf2 Rd8
16.Nb5 Rd7 17.c3 Qd8 18.d5 Ne7 19.Na3 c6 20.dxc6 Bxc6 21.Bb5 Bxb5 22.Nxb5 d5
23.exd5 Nexd5 24.Qc2 Qc8 25.Qb3 e4 26.Ned4 Re8 27.Bg1 Nf4 28.fxe4 Nd3 29.Rd1 Nc5
30.Qc4 Qb7 31.Nb3 Rxe4 32.Nxc5 bxc5 33.Rxd7 Qxd7 34.Qxc5 Rxa4  1/2-1/2

[Event "AUT-chT2S 9697"]
[Site "Austria"]
[Date "1996.??.??"]
[Round "4"]
[White "Waldmann, Gerald"]
[Black "Singer, Richard"]
[Result "1/2-1/2"]
[WhiteElo "2165"]
[BlackElo "2175"]

1.e4 g6 2.d4 Bg7 3.Nc3 d6 4.f4 Nh6 5.Nf3 O-O 6.Be3 c6 7.Qd2 d5 8.e5 Bg4 9.Be2 f6
10.O-O Bxf3 11.Bxf3 f5 12.h3 e6 13.g4 Re8 14.g5 Nf7 15.Qg2 Na6 16.a3 Qd7
17.b4 Bf8 18.h4 Nc7 19.h5 b5 20.Ne2 a5 21.c3 Ra6 22.hxg6 hxg6 23.Kf2 Rea8
24.Rac1 axb4 25.axb4 Ra2 26.Rh1 Nd8 27.Rh3 Bg7 28.Rch1 Ne8 29.Rh7 Kf8 30.R1h6 Qf7
31.Qh3 R8a7 32.Qh4 Rc2 33.Qh1 Raa2 34.Qb1 Qg8 35.Rh1 Nc7 36.R7h2 Na8 37.Kg3 Nb6
38.Nc1 Rxh2 39.Rxh2 Rxh2 40.Kxh2 Nc4 41.Bf2 Nd2 42.Qd3 Nxf3+ 43.Qxf3 Qf7
44.Qe2  1/2-1/2

[Event "AUT-chT9697"]
[Site "Austria"]
[Date "1996.??.??"]
[Round "5"]
[White "Janetschek, Karl"]
[Black "Hager, Franz"]
[Result "1/2-1/2"]
[WhiteElo "2275"]
[BlackElo "2240"]

1.e4 g6 2.d4 d6 3.Nc3 Bg7 4.Be3 a6 5.Qd2 b5 6.Bd3 Nd7 7.Rd1 Bb7 8.Nf3 Rc8
9.Ne2 c5 10.c3 Ngf6 11.Ng3 Ng4 12.Bf4 e5 13.dxe5 dxe5 14.Bg5 f6 15.h3 Nxf2
16.Kxf2 fxg5 17.Qxg5 Bf6 18.Qg4 c4 19.Qe6+ Qe7 20.Qxe7+ Kxe7 21.Bc2 Nc5 22.Rhe1 Rhf8
23.Nf1 Bh4+ 24.g3 Bf6 25.Kg2 Rcd8 26.Rxd8 Rxd8 27.N1h2 h5 28.Re2 Ke6 29.h4 Ke7
30.Ng5 Bxg5 31.hxg5 Rd3 32.Nf1 Nxe4 33.Kh2 Ke6 34.Bxd3 cxd3 35.Re3 Nf2 36.Kg1 Nh3+
37.Kh2 Nf2 38.Kg1 Nh3+ 39.Kh2 Nxg5 40.Rxd3 Nf3+ 41.Kh3  1/2-1/2

[Event "AUT-chT2S 9697"]
[Site "Austria"]
[Date "1996.??.??"]
[Round "5"]
[White "Steiner, Bruno"]
[Black "Pitzel, K."]
[Result "1-0"]
[WhiteElo "2145"]
[BlackElo "2055"]

1.e4 d6 2.d4 g6 3.Nc3 Bg7 4.Be3 Nf6 5.Qd2 O-O 6.O-O-O c6 7.f3 b5 8.h4 h5
9.Bh6 Nbd7 10.g4 a5 11.Bxg7 Kxg7 12.e5 Nh7 13.gxh5 gxh5 14.Nh3 f6 15.Rg1+ Kh8
16.Qh6 Rg8 17.Bd3 Nf8 18.Rxg8+ Kxg8 19.Rg1+  1-0

[Event "AUT-chT9697"]
[Site "Austria"]
[Date "1996.??.??"]
[Round "6"]
[White "Freitag, Manfred"]
[Black "Horvath, Csaba"]
[Result "0-1"]
[WhiteElo "2285"]
[BlackElo "2530"]

1.e4 g6 2.d4 Bg7 3.Nc3 d6 4.Nf3 Nf6 5.Be2 O-O 6.O-O c5 7.dxc5 dxc5 8.Qxd8 Rxd8
9.Be3 b6 10.Rfd1 Nc6 11.Rxd8+ Nxd8 12.Rd1 Bb7 13.Nd2 Nc6 14.Nb5 a6 15.Na3 Nd4
16.Bd3 Rd8 17.f3 b5 18.Kf2 c4 19.Bf1 e5 20.c3 Ne6 21.Nc2 Bf8 22.a4 Nc5 23.axb5 axb5
24.Ra1 Ra8 25.Rxa8 Bxa8 26.Nb1 Ncxe4+ 27.Ke1 Nc5 28.Nba3 Bc6 29.Nb4 Bd7 30.Be2 Na4
31.Bc1 Bc5 32.Bd1 Nb6 33.Nac2 Nfd5 34.Bd2 f5 35.Nxd5 Nxd5 36.Be2 Kf7 37.g3 Kf6
38.h4 f4 39.g4 h5 40.g5+ Ke7 41.Na1 Bg1 42.b3 cxb3 43.Nxb3 Bh2 44.Nc5 Bg3+
45.Kf1 Be8 46.Kg1 Bxh4 47.Ne4 Nb6 48.Bd3 Nc4 49.Bc1 Bd7 50.Kf1 Bf5 51.Ke2 Kd8
52.Bd2 Kc7 53.Be1 Bxe1 54.Kxe1 Kc6  0-1

[Event "AUT-chT2S 9697"]
[Site "Austria"]
[Date "1996.??.??"]
[Round "6"]
[White "Frank, Detlev"]
[Black "Handler, Franz"]
[Result "1-0"]
[WhiteElo "1885"]
[BlackElo "1975"]

1.e4 g6 2.d4 Bg7 3.Nc3 d6 4.Be3 Nf6 5.f3 O-O 6.Qd2 e5 7.d5 Ne8 8.g4 c5 9.O-O-O a6
10.Bh6 b5 11.Bxg7 Kxg7 12.h4 h6 13.Nce2 b4 14.Ng3 Ra7 15.Be2 Rh8 16.Rf1 Nd7
17.Kb1 f6 18.Nh3 a5 19.g5 h5 20.Rfg1 Kh7 21.gxf6 Ndxf6 22.Ng5+ Kg8 23.f4 exf4
24.Qxf4 Ng4 25.Bxg4 Bxg4 26.Rf1 Kg7 27.Nf7 Rxf7 28.Qxf7+ Kh6 29.Qf4+ Kg7
30.e5 dxe5 31.Qxe5+ Nf6 32.Ne4 Rf8 33.d6 Bf5 34.Nxf6 Qxf6 35.Qxf6+ Rxf6 36.Rd1 Rf7
37.Rhe1 Kf6 38.Kc1 c4 39.Rd4 Rd7 40.Kd2 g5 41.hxg5+ Kxg5 42.Rd5 Kg6 43.c3 h4
44.Rg1+  1-0

[Event "AUT-chT9596"]
[Site "?"]
[Date "1996.??.??"]
[Round "?"]
[White "Wach, Markus"]
[Black "Moser, Guenter"]
[Result "1/2-1/2"]
[WhiteElo "2380"]
[BlackElo "2325"]

1.e4 g6 2.d4 Bg7 3.Nc3 d6 4.Nf3 c6 5.a4 Na6 6.h3 f5 7.exf5 Bxf5 8.g4 Bd7
9.Bc4 Nc7 10.Qe2 d5 11.Bb3 Ne6 12.Be3 Qc7 13.O-O-O O-O-O 14.Qd2 Rf8 15.Ng1 Nf4
16.f3 h5 17.g5 h4 18.Bxf4 Qxf4 19.Qxf4 Rxf4 20.Nge2 Rf7  1/2-1/2

[Event "AUT-chT9596"]
[Site "?"]
[Date "1996.??.??"]
[Round "?"]
[White "Mokry, Karel"]
[Black "Moser, Guenter"]
[Result "1-0"]
[WhiteElo "2505"]
[BlackElo "2325"]

1.e4 d6 2.d4 g6 3.Nc3 Bg7 4.Be3 c6 5.f4 Nh6 6.Nf3 f5 7.e5 O-O 8.Bc4+ e6 9.Qd2 Nf7
10.Bb3 a5 11.O-O b5 12.a3 Na6 13.Rfe1 Nc7 14.Bf2 Re8 15.Bh4 Qd7 16.Rad1 Nd5
17.Nxd5 cxd5 18.h3 Qc6 19.Kh2 b4 20.axb4 a4 21.Ba2 Ba6 22.Re3 Qb6 23.Ra3 Bb5
24.c3 h6 25.Bf2 Qd8 26.Be3 g5 27.g3 gxf4 28.gxf4 Kh7 29.Rg1 Rg8 30.Bb1 Nh8
31.Bc2 Ra7 32.Raa1 Ng6 33.Qf2 Bf8 34.Rg2 Rag7 35.Rag1 Be7 36.Bb1 Qc8 37.exd6 Bxd6
38.Ne5 Bxe5 39.fxe5 a3 40.bxa3 Qxc3 41.Qd2 Qxa3 42.Bxh6 Rc7 43.Be3 Nh4 44.Rg3 Rxg3
45.Kxg3 Ng6 46.Kh2 Rg7 47.Qe1 Bd3 48.Bc1 Qa6 49.Bxd3 Qxd3 50.Qd1 Qc4 51.Bg5 f4
52.Bf6 Qxb4 53.Qh5+ Kg8 54.Bxg7  1-0

[Event "AUT-chT2S 9596"]
[Site "AUT"]
[Date "1996.??.??"]
[Round "?"]
[White "Riedner, Martin"]
[Black "Hrastnik, H."]
[Result "1/2-1/2"]
[WhiteElo "2170"]
[BlackElo "2085"]

1.e4 d6 2.d4 g6 3.Nc3 Bg7 4.Bg5 h6 5.Be3 c6 6.Qd2 Nf6 7.f3 Nbd7 8.Bd3 e5
9.Nge2 h5 10.dxe5 dxe5 11.a4 O-O 12.Rd1 Re8 13.Bc4 Qc7 14.Nc1 a6 15.Qf2 b5
16.Ba2 b4 17.Nb1 c5  1/2-1/2

[Event "AUT-chT2S 9596"]
[Site "AUT"]
[Date "1996.??.??"]
[Round "?"]
[White "Wallner, Walter"]
[Black "Feichter, Clemens"]
[Result "1-0"]
[WhiteElo "2190"]
[BlackElo "2055"]

1.e4 g6 2.d4 Bg7 3.Nc3 d6 4.f4 Nc6 5.Be3 Nf6 6.Nf3 Bg4 7.h3 Bxf3 8.Qxf3 e5
9.fxe5 dxe5 10.d5 Nd4 11.Qf2 c5 12.dxc6 bxc6 13.O-O-O Nd7 14.Bc4 O-O 15.h4 Nb6
16.Bb3 Qf6 17.Qxf6 Bxf6 18.g4 Rad8 19.Rdf1 Rd6 20.Rf2 Be7 21.Bh6 Nxb3+ 22.axb3 Rfd8
23.Rhf1 f5 24.gxf5 gxf5 25.Rg2+ Rg6 26.Rxg6+ hxg6 27.exf5 gxf5 28.Rxf5 Bxh4
29.Bg5 Bxg5+ 30.Rxg5+ Kf7 31.Rxe5 Kf6 32.Ra5 Rd7 33.Rc5 Rc7 34.Nb5 Nd7 35.Rc3 Rb7
36.Rxc6+ Ke7 37.c4 Ne5 38.Rc7+ Rxc7 39.Nxc7 Kd7 40.Nd5 Kc6 41.Kc2 Kc5 42.Kc3 a5
43.Nf6 Nc6 44.Ne4+ Kb6 45.Nf2 Nb4 46.Nd3 Nc6 47.b4 axb4+ 48.Nxb4 Na5 49.Nd5+ Kc6
50.b4 Nb7 51.Kd4 Nd6 52.Ne7+ Kd7 53.Ng6 Nf5+ 54.Kd5 Ne3+ 55.Kc5 Kc7 56.Nf4 Nf5
57.b5 Ng3 58.Nd5+ Kb7 59.Kb4 Nf5 60.c5 Nd4 61.Nf4 Kc7 62.Kc4 Nf5 63.Nd5+ Kb7
64.c6+ Kc8 65.Kc5 Ng7 66.b6  1-0

[Event "AUT-ch"]
[Site "AUT"]
[Date "1996.??.??"]
[Round "2"]
[White "Knoflicek, Ctibor"]
[Black "Brandner, Stefan"]
[Result "0-1"]
[WhiteElo "2150"]
[BlackElo "2235"]

1.e4 g6 2.d4 Bg7 3.Nc3 d6 4.Be3 Nd7 5.Qd2 e6 6.O-O-O a6 7.h4 h6 8.f4 Ngf6
9.Be2 b5 10.Bf3 b4 11.Nce2 Bb7 12.Ng3 a5 13.h5 d5 14.e5 Ne4 15.Bxe4 dxe4
16.hxg6 fxg6 17.f5 exf5 18.Bxh6 Rxh6 19.Rxh6 Bxh6 20.Qxh6 Nf8 21.d5 Qe7 22.d6 cxd6
23.exd6 Qf7 24.N1e2 O-O-O 25.Qe3 Ne6 26.Qb6 f4 27.Nf1 f3 28.gxf3 exf3 29.Neg3 Rd7
30.Qxa5 Qf4+ 31.Kb1 Rxd6 32.Rc1 Ra6 33.Qb5 Nc7 34.Qc5 Bd5 35.b3 Rc6 36.Qe3 Qf6
37.Rd1 Nb5 38.Qe8+ Kc7 39.Ne3 Na3+ 40.Kc1 Qa1+  0-1

[Event "AUT-ch"]
[Site "AUT"]
[Date "1996.??.??"]
[Round "7"]
[White "Petschar, Kurt"]
[Black "Hager, Franz"]
[Result "0-1"]
[WhiteElo "2270"]
[BlackElo "2240"]

1.e4 d6 2.d4 g6 3.Nc3 Bg7 4.f4 c6 5.Nf3 Bg4 6.Be3 Qa5 7.Be2 Nd7 8.O-O d5
9.e5 h5 10.h3 Bxf3 11.Bxf3 e6 12.Qd2 h4 13.Ne4 Qxd2 14.Nd6+ Ke7 15.Bxd2 b6
16.c4 a5 17.Be1 f6 18.cxd5 cxd5 19.b4 fxe5 20.fxe5 Nxe5 21.dxe5 Bxe5 22.Rb1 Kxd6
23.bxa5 Bd4+ 24.Bf2 Bxf2+ 25.Rxf2 b5 26.Rxb5 Ne7 27.Rb6+ Nc6 28.Rc2 Rhc8
29.Bg4 Rxa5 30.Bxe6 Kxe6 31.Rbxc6+ Rxc6 32.Rxc6+ Kf5 33.Rc2 Ke4 34.Kf2 Kd3
35.Rb2 d4 36.Kf3 Rf5+ 37.Kg4 Kc3 38.Rb3+ Kc2 39.Kxh4 d3 40.Rb6 d2 41.Rc6+ Kd3
42.Rd6+ Kc3 43.g4 Rc5  0-1

[Event "Bad Woerishofen op"]
[Site "Bad Woerishofen"]
[Date "1996.??.??"]
[Round "7"]
[White "Boensch, Uwe"]
[Black "Mowsziszian, Karen"]
[Result "1/2-1/2"]
[WhiteElo "2550"]
[BlackElo "2450"]

1.d4 g6 2.e4 d6 3.Nc3 Bg7 4.Nf3 Nf6 5.Be2 O-O 6.O-O Bg4 7.Be3 Nc6 8.d5 Bxf3
9.Bxf3 Ne5 10.Be2 c6 11.f4 Ned7 12.a4 Qa5 13.Ra3 cxd5 14.Nxd5 Nxd5 15.Qxd5 Qxd5
16.exd5 Bxb2 17.Rb3 Bf6 18.Rxb7 Nb6 19.Bxb6 axb6 20.Bb5 Rab8 21.Rc7 Rbc8
22.Rc6 Bd4+ 23.Kh1 Rxc6 24.dxc6 Rc8 25.g4 Kg7 26.Rf3 e6 27.Kg2 d5 28.f5 gxf5
29.gxf5 Be5 30.h3 h6 31.Kf1 Bd6 32.Ke2 Kf6 33.c4 dxc4 34.fxe6+ Kxe6 35.Bxc4+ Ke5
36.Re3+ Kd4 37.Bxf7 Rxc6 38.Re6 Kc5 39.Rxh6 Rc7 40.Bb3 Be5 41.Kd3 Re7 42.Rh5 Kb4
43.Bc2 b5 44.axb5 Kxb5 45.Ke4 Kc6 46.Rxe5 Kd6 47.Rxe7 Kxe7 48.Kf5 Kf7  1/2-1/2

[Event "Bad Woerishofen op"]
[Site "Bad Woerishofen"]
[Date "1996.??.??"]
[Round "9"]
[White "Katalymov, Boris N"]
[Black "Mowsziszian, Karen"]
[Result "0-1"]
[WhiteElo "2435"]
[BlackElo "2450"]

1.e4 d6 2.d4 g6 3.Nc3 Bg7 4.Be2 Nf6 5.g4 c5 6.g5 Nfd7 7.d5 Qa5 8.Bd2 h6 9.gxh6 Bxh6
10.f4 Nf6 11.h4 Bg7 12.e5 dxe5 13.fxe5 Nh5 14.e6 Qc7 15.Bb5+ Kf8 16.Nge2 fxe6
17.Bg5 c4 18.Rf1+ Kg8 19.Qd2 Kh7 20.Rf7 a6 21.d6 Qxd6 22.Qxd6 exd6 23.Bxc4 Nc6
24.O-O-O Ne5 25.Rc7 d5 26.Bd3 Rf8 27.Na4 b5 28.Nb6 Rb8 29.Be3 Bb7 30.Nd4 Nxd3+
31.cxd3 Rfe8 32.Nf3 e5 33.Bc5 d4 34.Ng5+ Kg8 35.b4 Nf4 36.Kd2 Nd5 37.Nxd5 Bxd5
38.Rg1 Rb7 39.Rxb7 Bxb7 40.Ne4 Bxe4 41.dxe4 Kf7 42.Rf1+ Bf6 43.a4 Rh8 44.axb5 axb5
45.Bb6 Kg7 46.Rc1 Rxh4 47.Rc7+ Kh6 48.Rc5 Rxe4 49.Rxb5 g5 50.Bc7 g4 51.Rb6 Kg5
52.Rb8 g3 53.Rg8+ Kh4 54.Kc2 Rg4 55.Ra8 g2 56.Ra1 g1=Q 57.Rxg1 Rxg1 58.b5 e4
59.b6 d3+ 60.Kd2 Bg5+ 61.Kc3 d2 62.b7 d1=Q  0-1

[Event "Balatonbereny op"]
[Site "Balatonbereny"]
[Date "1996.??.??"]
[Round "2"]
[White "Vujosevic, Vladimir"]
[Black "Szirmai, Eduard"]
[Result "1-0"]
[WhiteElo "2400"]
[BlackElo "2225"]

1.e4 g6 2.d4 Bg7 3.Nc3 d6 4.Be3 c6 5.Qd2 b5 6.f3 Nd7 7.Nge2 Nb6 8.b3 Bb7
9.g4 Qc7 10.h4 a5 11.a4 b4 12.Nd1 c5 13.c3 h5 14.gxh5 Rxh5 15.cxb4 axb4 16.Ng3 Rh8
17.Rc1 Rc8 18.Kf2 Nd7 19.h5 Ngf6 20.hxg6 fxg6 21.Rxh8+ Bxh8 22.Bh3 Qb8 23.dxc5 dxc5
24.Nb2 Rd8 25.Rd1 Bc6 26.Nc4 Nh5 27.Nxh5 Qh2+ 28.Bg2 gxh5 29.Rh1 Qc7 30.Rxh5 Bc3
31.Qc1 Nf6 32.Rxc5  1-0

[Event "Balatonbereny op"]
[Site "Balatonbereny"]
[Date "1996.??.??"]
[Round "3"]
[White "Borocz, Istvan"]
[Black "Frink, Ferenc"]
[Result "1-0"]
[WhiteElo "2415"]
[BlackElo "2225"]

1.e4 g6 2.d4 Bg7 3.Nc3 d6 4.f4 Nf6 5.Nf3 Bg4 6.h3 Bxf3 7.Qxf3 c6 8.Be3 Qa5
9.Bd3 Nbd7 10.O-O e6 11.e5 Nd5 12.Ne4 Bf8 13.Bf2 Nb4 14.exd6 Nxd3 15.Qxd3 Qf5
16.Rae1 h5 17.Bh4 Bg7 18.Be7 Nb6 19.c4 h4 20.Kh1 Nc8 21.Qb3 b6 22.d5 Nxe7
23.dxe7 Kxe7 24.dxe6 f6 25.Qa3+ c5 26.Qa6 Rhb8 27.Nc3 g5 28.Nd5+ Kd6 29.Qa4 b5
30.Qa6+  1-0

[Event "Balatonbereny op-B"]
[Site "Balatonbereny"]
[Date "1996.??.??"]
[Round "3"]
[White "Schenkerik, Csaba"]
[Black "Nagy, Janos"]
[Result "1-0"]
[WhiteElo "2175"]
[BlackElo "2295"]

1.e4 d6 2.d4 g6 3.Nc3 Bg7 4.Be3 c6 5.Qd2 b5 6.O-O-O Qa5 7.Kb1 b4 8.Nce2 Nd7
9.Nc1 Rb8 10.f3 Qc7 11.g4 c5 12.b3 a5 13.Nh3 Bb7 14.Bc4 Nb6 15.Bxf7+ Kxf7
16.Ng5+ Ke8 17.Ne6 Qc8 18.Nxg7+ Kf7 19.dxc5 dxc5 20.Bf4 h6 21.Bxb8 Qxb8 22.Qd8 Qxd8
23.Rxd8 Bc6 24.Rb8 Nd7 25.Rc8 Ne5 26.f4 Bxe4 27.Re1 Nf3 28.Re2 Kxg7 29.Rxc5 Nf6
30.h3 Rd8 31.Kb2 Rd1 32.g5 hxg5 33.fxg5 Bf5 34.Rxe7+ Kf8 35.gxf6 Rd8 36.Rcc7 Ng5
37.h4 Ne6 38.Rf7+ Kg8 39.Rfd7 Re8 40.Ra7 Rc8 41.Nd3 Nf4 42.Rg7+ Kf8 43.Raf7+ Ke8
44.Re7+ Kf8 45.Rh7  1-0

[Event "Balatonbereny op"]
[Site "Balatonbereny"]
[Date "1996.??.??"]
[Round "3"]
[White "Szonyi, Kata"]
[Black "Dobos, Jozsef"]
[Result "0-1"]
[WhiteElo "2160"]
[BlackElo "2340"]

1.e4 g6 2.d4 Bg7 3.Nc3 d6 4.Be3 a6 5.f4 b5 6.Nf3 Bb7 7.Bd3 e6 8.f5 exf5 9.exf5 Qe7
10.Qe2 Nf6 11.O-O b4 12.Nb1 Ng4 13.Bg5 Qxe2 14.Bxe2 Nd7 15.Nbd2 O-O 16.Bd3 h6
17.Bh4 g5 18.h3 Ne3 19.Rfe1 Nxc2 20.Bxc2 gxh4 21.Re7 Rad8 22.Rae1 Bf6 23.R7e2 c5
24.Ne4 Bxe4 25.Rxe4 Kh8 26.d5 Nb6 27.Bb3 Rc8 28.Nd2 Bxb2 29.Nc4 Nxc4 30.Bxc4 Bd4+
31.Kf1 a5 32.Rxh4 Kg7 33.Rhe4 a4 34.g4 b3 35.axb3 a3 36.R1e2 Bb2 37.Rxb2 axb2
38.Re1 Ra8 39.Bd3 Rfe8  0-1

[Event "Balatonbereny op"]
[Site "Balatonbereny"]
[Date "1996.??.??"]
[Round "4"]
[White "Acs, Peter"]
[Black "Dobos, Jozsef"]
[Result "0-1"]
[WhiteElo "2440"]
[BlackElo "2340"]

1.e4 g6 2.d4 Bg7 3.Nc3 d6 4.f4 Nc6 5.Nf3 Bg4 6.Be3 Bxf3 7.gxf3 e6 8.Qd2 Nge7
9.O-O-O d5 10.Kb1 a6 11.h4 h5 12.Rg1 Qd6 13.f5 exf5 14.Bf4 Qd7 15.Nxd5 Nxd5
16.exd5 Ne7 17.c4 O-O 18.Be5 b5 19.Bxg7 Kxg7 20.b3 bxc4 21.bxc4 Rab8+ 22.Ka1 Qa4
23.Be2 Qa3 24.Rb1 f4 25.Qd3 Qa5 26.Bd1 Rxb1+ 27.Kxb1 Qb4+ 28.Kc1 c6 29.dxc6 Nxc6
30.Bb3 Re8 31.Rd1 Qa3+ 32.Kb1 a5 33.Qc2 Re3 34.Qb2 Qb4 35.d5+ Ne5 36.d6 Re1
37.Qxe5+ Rxe5 38.d7 a4 39.d8=Q axb3 40.Qd4 bxa2+ 41.Ka1 f6 42.Rc1 Re7 43.Qf2 Rb7
44.Qxa2 Qc5  0-1

[Event "Balatonbereny op-B"]
[Site "Balatonbereny"]
[Date "1996.??.??"]
[Round "5"]
[White "Szep, Attila"]
[Black "Beszterczey, Laszlo"]
[Result "1-0"]
[WhiteElo "2065"]
[BlackElo "2140"]

1.e4 g6 2.d4 Bg7 3.Nc3 d6 4.Be3 c6 5.Qd2 b5 6.a3 a6 7.Nge2 Nd7 8.f3 Nb6 9.b3 Bb7
10.g4 h5 11.gxh5 Rxh5 12.Ng3 Rh8 13.Be2 Nf6 14.h4 Qc7 15.Kf2 Nbd7 16.Rag1 O-O-O
17.f4 c5 18.d5 Qa5 19.Nb1 Qxd2 20.Nxd2 e6 21.c4 exd5 22.exd5 Rde8 23.h5 Bxd5
24.cxd5 Nxd5 25.Ngf1 Bc3 26.Nb1 Rxe3 27.Nxe3 Bd4 28.Kf3 Nxe3 29.hxg6 Rxh1
30.Rxh1 fxg6 31.Bd3 c4 32.bxc4 bxc4 33.Bxg6 Kc7 34.Re1 Nd5 35.Rd1 Ne7 36.Rxd4 Nxg6
37.Rxc4+ Kb6 38.Ke4 Kb5 39.Rb4+ Kc5 40.Nd2 Ne7 41.Nb3+ Kc6 42.Na5+ Kc5 43.Nb7+ Kc6
44.Nd8+ Kc7 45.Ne6+ Kc6 46.Nd4+ Kc5 47.Kf3 Nd5 48.Ne6+ Kc6 49.Rb2 N5f6 50.Rd2 d5
51.Rc2+ Kb5 52.f5 a5 53.Kf4 Ne4 54.Rc7 Nef6 55.Ke3 Nb6 56.Kd4 Nc4 57.Rf7 Ng4
58.Nc7+ Ka4 59.Nxd5 Nxa3 60.Rg7 Nb5+ 61.Kc4 Nd6+ 62.Kc5 Ne4+ 63.Kd4 Nef6
64.Nxf6 Nxf6 65.Rg6 Ne8 66.Kc3 Ka3 67.f6 Nd6 68.Kc2  1-0